Tuyển tập Nguyễn Văn Bổng Tiểu thuyết
Đã lưu trong:
| 其他作者: | |
|---|---|
| 語言: | Undetermined |
| 出版: |
Hà Nội
Văn học
1995
|
| 主題: | |
| 標簽: |
添加標簽
沒有標簽, 成為第一個標記此記錄!
|
| Thư viện lưu trữ: | Trung tâm Học liệu Trường Đại học Trà Vinh |
|---|
| LEADER | 00658nam a2200229Ia 4500 | ||
|---|---|---|---|
| 001 | TVU_4849 | ||
| 008 | 210423s9999 xx 000 0 und d | ||
| 041 | |a Vie | ||
| 082 | |a 895.9223 | ||
| 082 | |b T527/T1 | ||
| 245 | 0 | |a Tuyển tập Nguyễn Văn Bổng | |
| 245 | 0 | |b Tiểu thuyết | |
| 245 | 0 | |c Chu Giang, Nguyễn Thị Hạnh (tuyển chọn) | |
| 260 | |a Hà Nội | ||
| 260 | |b Văn học | ||
| 260 | |c 1995 | ||
| 300 | |a 611 tr. | ||
| 300 | |c 19 cm | ||
| 650 | |a Bút ký; Văn học hiện đại | ||
| 700 | |a Chu Giang; Nguyễn Thị Hạnh | ||
| 700 | |e tuyển chọn,tuyển chọn | ||
| 980 | |a Trung tâm Học liệu Trường Đại học Trà Vinh | ||